000 00595nam a2200193Ia 4500
005 20260114185804.0
008 008 260114s9999 xx 000 0 eng d
020 _a9781350011847
037 _aEBOOK
040 _aCRL
_beng
_cCRL
041 _aeng
_2eng
084 _qCRL
100 _aMiranda Garrett and Zo‰ Thomas
_9874418
245 0 _aSuffrage and the Arts Visual Culture, Politics and Enterprise
260 _bBloomsbury
_c2018
856 _uhttps://doi.org/10.5040/9781350011847?locatt=label:secondary_bloomsburyCollections
942 _cEBOOK
999 _c1473352
_d1473352